Gold as a Tool for Hedging Financial Risks; IOP Conference Series: Earth and Environmental Science; Vol. 43 : Problems of Geology and Subsurface Development
| Источник: | IOP Conference Series: Earth and Environmental Science Vol. 43 : Problems of Geology and Subsurface Development.— 2016.— [012085, 5 p.] |
|---|---|
| Главный автор: | |
| Автор-организация: | |
| Другие авторы: | , |
| Примечания: | Title screen The article discusses gold as a protective asset, which claims to be a high-efficiency tool for hedging financial risks. In the introductory part the general characteristics of hedging as a method of full or partial risk elimination is given, and the main known types of risk hedging typical for a financial asset portfolio holder are considered. Further, dynamics of the world prices for gold is analyzed in a historical retrospective, whereby the conclusion is drawn on a tendency of this asset to grow during the periods of financial instability, and also if new financial assets appear. In the final part of the article the assessment of gold as a tool for hedging financial risks is given. |
| Язык: | английский |
| Опубликовано: |
2016
|
| Серии: | Petroleum Engineering Economics and Mining Law |
| Предметы: | |
| Online-ссылка: | http://dx.doi.org/10.1088/1755-1315/43/1/012085 http://earchive.tpu.ru/handle/11683/35194 |
| Формат: | Электронный ресурс Статья |
| Запись в KOHA: | https://koha.lib.tpu.ru/cgi-bin/koha/opac-detail.pl?biblionumber=650915 |
MARC
| LEADER | 00000nla2a2200000 4500 | ||
|---|---|---|---|
| 001 | 650915 | ||
| 005 | 20231215142209.0 | ||
| 035 | |a (RuTPU)RU\TPU\network\16164 | ||
| 035 | |a RU\TPU\network\16159 | ||
| 090 | |a 650915 | ||
| 100 | |a 20161026a2016 k y0engy50 ba | ||
| 101 | 0 | |a eng | |
| 105 | |a y z 100zy | ||
| 135 | |a drcn ---uucaa | ||
| 181 | 0 | |a i | |
| 182 | 0 | |a b | |
| 200 | 1 | |a Gold as a Tool for Hedging Financial Risks |f Т. L. Ischuk, D. V. Zhilkin, T. Yu. Aikina | |
| 203 | |a Text |c electronic | ||
| 225 | 1 | |a Petroleum Engineering Economics and Mining Law | |
| 300 | |a Title screen | ||
| 320 | |a [References: 19 tit.] | ||
| 330 | |a The article discusses gold as a protective asset, which claims to be a high-efficiency tool for hedging financial risks. In the introductory part the general characteristics of hedging as a method of full or partial risk elimination is given, and the main known types of risk hedging typical for a financial asset portfolio holder are considered. Further, dynamics of the world prices for gold is analyzed in a historical retrospective, whereby the conclusion is drawn on a tendency of this asset to grow during the periods of financial instability, and also if new financial assets appear. In the final part of the article the assessment of gold as a tool for hedging financial risks is given. | ||
| 461 | 0 | |0 (RuTPU)RU\TPU\network\2499 |t IOP Conference Series: Earth and Environmental Science | |
| 463 | 0 | |0 (RuTPU)RU\TPU\network\16030 |t Vol. 43 : Problems of Geology and Subsurface Development |o XX International Scientific Symposium of Students, Postgraduates and Young Scientists, 4–8 April 2016, Tomsk, Russia |v [012085, 5 p.] |d 2016 | |
| 610 | 1 | |a электронный ресурс | |
| 610 | 1 | |a труды учёных ТПУ | |
| 610 | 1 | |a золото | |
| 610 | 1 | |a хеджирование | |
| 610 | 1 | |a финансовые риски | |
| 610 | 1 | |a активы | |
| 610 | 1 | |a мировые цены | |
| 700 | 1 | |a Ischuk |b Т. L. | |
| 701 | 1 | |a Zhilkin |b D. V. | |
| 701 | 1 | |a Aikina |b T. Yu. |c linguist |c Associate Professor of Tomsk Polytechnic University, Candidate of philological sciences |f 1976- |g Tatiana Yurievna |3 (RuTPU)RU\TPU\pers\33211 |9 16983 | |
| 712 | 0 | 2 | |a Национальный исследовательский Томский политехнический университет (ТПУ) |b Институт природных ресурсов (ИПР) |b Кафедра иностранных языков (ИЯПР) |3 (RuTPU)RU\TPU\col\18662 |
| 801 | 2 | |a RU |b 63413507 |c 20170120 |g RCR | |
| 856 | 4 | |u http://dx.doi.org/10.1088/1755-1315/43/1/012085 | |
| 856 | 4 | |u http://earchive.tpu.ru/handle/11683/35194 | |
| 942 | |c CF | ||